Policy Issues in the Evolving International Monetary System (Record no. 5994)

MARC details
000 -LEADER
fixed length control field 00664nam a22002177u 4500
001 - CONTROL NUMBER
control field 6426
003 - CONTROL NUMBER IDENTIFIER
control field OSt
005 - DATE AND TIME OF LATEST TRANSACTION
control field 20170818153059.0
007 - PHYSICAL DESCRIPTION FIXED FIELD--GENERAL INFORMATION
fixed length control field tu
008 - FIXED-LENGTH DATA ELEMENTS--GENERAL INFORMATION
fixed length control field 161220s1992 xxu||||| |||| 00| 0 d
024 7# - OTHER STANDARD IDENTIFIER
Standard number or code 6426
Source of number or code RID
024 7# - OTHER STANDARD IDENTIFIER
Standard number or code 6426
Source of number or code RSN (alt)
040 ## - CATALOGING SOURCE
Transcribing agency OSt
100 1# - MAIN ENTRY--PERSONAL NAME
Personal name Goldstein, Morris
245 00 - TITLE STATEMENT
Title Policy Issues in the Evolving International Monetary System
260 ## - PUBLICATION, DISTRIBUTION, ETC.
Place of publication, distribution, etc. Washington, D.C. :
Name of publisher, distributor, etc. International Monetary Fund,
Date of publication, distribution, etc. 1992.
490 ## - SERIES STATEMENT
Series statement IMF Occasional Paper
Volume/sequential designation 96
International Standard Serial Number 0251-6365
710 2# - ADDED ENTRY--CORPORATE NAME
Corporate name or jurisdiction name as entry element International Monetary Fund (IMF)
942 ## - ADDED ENTRY ELEMENTS (KOHA)
Koha item type Paper
Holdings
Withdrawn status Lost status Damaged status Not for loan Home library Current library Shelving location Date acquired Inventory number Total Checkouts Barcode Date last seen Price effective from Koha item type
        WIIW WIIW Library 08/04/2004 6426   10001923 01/26/2017 01/26/2017 Paper
The Vienna Instiute for International Economic Studies (wiiw)